| 000 | 00795nam a22002177a 4500 | ||
|---|---|---|---|
| 999 |
_c11135 _d11135 |
||
| 003 | AR-CdUCM | ||
| 008 | 190403b ||||| |||| 00| 0 spa d | ||
| 040 |
_aMUNICIPALIDAD PROVINCIAL DEL CUSCO _cBIBLIOTECA MUNICIPAL DEL CUSCO |
||
| 082 |
_a345.73 / _bD98 / 1971 |
||
| 100 |
_aDuran Abarca. Washington _94272 |
||
| 245 | _aBases para la reforma de la función judicial / | ||
| 260 |
_aLima : _bPerez Pacussich, _c1971. |
||
| 300 |
_a45 páginas ; _c24 cm. |
||
| 505 | _aContenido: realidad nacional y su estructura legal y jurídica -- tendencia de variación de la realidad nacional -- estructura legal... | ||
| 650 |
_aReforma judicial. _98568 |
||
| 650 |
_aRealidad nacional. _92737 |
||
| 650 |
_aJurisprudencia. _9927 |
||
| 650 |
_aDerecho. _9739 |
||
| 942 |
_2ddc _cLIBROS |
||
| 945 | _awfj | ||